• 首页
  • 本馆介绍
  • 公告通知
  • 最新文献
  • 馆藏检索
  • 电子资源
  • 读者导购
  • 参考咨询
  • 我的图书馆
  • 登录
  • 详细信息显示
  • 放入我的书架
  • 预约/预借图书
  • 作者相关作品
  • 分类相关作品
  • 丛书相关作品
  • 出版社相关作品

书目信息

  • 表格格式
  • 工作单格式
  • 卡片格式
题名:
班组长安全管理工作手册
    
 
作者: 文义明 编著
分册:  
出版信息: 北京   经济管理出版社  2015.01
页数: 202页
开本: 24cm
丛书名:
单 册:
中图分类: F406.6-62 , F406.6
科图分类:
主题词: 班组管理--ban zu guan li--安全管理--手册
电子资源:
ISBN: 978-7-5096-3576-6
000 00952nam0 2200229 450
001 2331395240
005 20231213084348.92
010    @a978-7-5096-3576-6@d39.00CNY
100    @a20150925d2015 em y0chiy50 ea
101 0  @achi
102    @aCN@b110000
105    @ay z 000yy
200 1  @a班组长安全管理工作手册@Aban zu zhang an quan guan li gong zuo shou ce@f文义明编著
210    @a北京@c经济管理出版社@d2015.01
215    @a202页@d24cm
330    @a本书对班组长安全生产管理工作进行了全面的阐述, 全书包括班组安全生产教育、安全作业常识培训、现场安全管理督导、生产设备安全使用规范、危险化学品管理等内容。这是一本关于企业实施生产班组安全管理的指导手册, 是班组长进行自我培训、提升安全管理技能的指导用书, 适合生产制造企业的班组长阅读、使用。
606 0  @a班组管理@Aban zu guan li@x安全管理@j手册
690    @aF406.6-62@v5
690    @aF406.6@v4
701  0 @a文义明@Awen yi ming@4编著
801  0 @aCN@b湖北三新@c20150925
905    @aBZT@dF406.6@e5
    
    班组长安全管理工作手册/文义明编著.-北京:经济管理出版社,2015.01
    202页;24cm
    
    
    ISBN 978-7-5096-3576-6:39.00CNY
    本书对班组长安全生产管理工作进行了全面的阐述, 全书包括班组安全生产教育、安全作业常识培训、现场安全管理督导、生产设备安全使用规范、危险化学品管理等内容。这是一本关于企业实施生产班组安全管理的指导手册, 是班组长进行自我培训、提升安全管理技能的指导用书, 适合生产制造企业的班组长阅读、使用。
●
相关链接 在五车中查询图书 在当当中查询图书 在豆瓣中查询图书


正题名:班组长安全管理工作手册     索取号:F406.6/5         预约/预借

序号 登录号 条形码 馆藏地/架位号 状态 备注
1 2001598952   2001598952   辽三/辽宁北配(第三批)/2148/ [索取号:F406.6/5] 在馆    
2 2001598953   2001598953   辽三/辽宁北配(第三批)/2148/ [索取号:F406.6/5] 在馆    
3 2001598954   2001598954   辽三/辽宁北配(第三批)/2148/ [索取号:F406.6/5] 在馆    
4 2001598955   2001598955   辽三/辽宁北配(第三批)/2148/ [索取号:F406.6/5] 在馆    
5 2001598956   2001598956   辽三/辽宁北配(第三批)/2148/ [索取号:F406.6/5] 在馆    
6 2001598957   2001598957   辽三/辽宁北配(第三批)/2148/ [索取号:F406.6/5] 在馆    
7 2001598958   2001598958   辽三/辽宁北配(第三批)/2148/ [索取号:F406.6/5] 在馆    
8 2001598959   2001598959   辽三/辽宁北配(第三批)/2148/ [索取号:F406.6/5] 在馆    
9 2001598960   2001598960   辽三/辽宁北配(第三批)/2148/ [索取号:F406.6/5] 在馆    
10 2001598961   2001598961   辽三/辽宁北配(第三批)/2148/ [索取号:F406.6/5] 在馆    
11 2001598962   2001598962   辽三/辽宁北配(第三批)/2148/ [索取号:F406.6/5] 在馆    
12 2001598963   2001598963   辽三/辽宁北配(第三批)/2148/ [索取号:F406.6/5] 在馆    
13 2001598964   2001598964   辽三/辽宁北配(第三批)/2148/ [索取号:F406.6/5] 在馆    
14 2001598965   2001598965   辽三/辽宁北配(第三批)/2148/ [索取号:F406.6/5] 在馆    
15 2001598966   2001598966   辽三/辽宁北配(第三批)/2148/ [索取号:F406.6/5] 在馆    
16 2001598967   2001598967   辽三/辽宁北配(第三批)/2148/ [索取号:F406.6/5] 在馆    
17 2001598968   2001598968   辽三/辽宁北配(第三批)/2148/ [索取号:F406.6/5] 在馆    
18 2001598969   2001598969   辽三/辽宁北配(第三批)/2148/ [索取号:F406.6/5] 在馆    
19 2001598970   2001598970   辽三/辽宁北配(第三批)/2148/ [索取号:F406.6/5] 在馆    
20 2001598971   2001598971   辽三/辽宁北配(第三批)/2148/ [索取号:F406.6/5] 在馆    
21 2001598972   2001598972   辽三/辽宁北配(第三批)/2148/ [索取号:F406.6/5] 在馆    
22 2001598973   2001598973   辽三/辽宁北配(第三批)/2148/ [索取号:F406.6/5] 在馆    
23 2001598974   2001598974   辽三/辽宁北配(第三批)/2148/ [索取号:F406.6/5] 在馆    
24 2001598975   2001598975   辽三/辽宁北配(第三批)/2148/ [索取号:F406.6/5] 在馆    
25 2001598976   2001598976   辽三/辽宁北配(第三批)/2148/ [索取号:F406.6/5] 在馆    
26 2001598977   2001598977   辽三/辽宁北配(第三批)/2148/ [索取号:F406.6/5] 在馆    
27 2001598978   2001598978   辽三/辽宁北配(第三批)/2148/ [索取号:F406.6/5] 在馆    
28 2001598979   2001598979   辽三/辽宁北配(第三批)/2148/ [索取号:F406.6/5] 在馆    
29 2001598980   2001598980   辽三/辽宁北配(第三批)/2148/ [索取号:F406.6/5] 在馆    
30 2001598981   2001598981   辽三/辽宁北配(第三批)/2148/ [索取号:F406.6/5] 在馆    
山东省滨州职业学院图书馆 欢迎您!
大连网信软件有限公司© 版权所有